| 000 | 00756nam a2200205 a 4500 | ||
|---|---|---|---|
| 001 | 000036013 | ||
| 005 | 20200930074812.0 | ||
| 008 | 111123s2010 sp ac r 000 0 spa d | ||
| 020 | _a9788498442250 | ||
| 020 | _a9788497441018 | ||
| 040 |
_aDO-SdBNP _bspa _cBNPHU |
||
| 082 |
_axxxx _bxxxx |
||
| 245 | 0 | 0 |
_aAmérica en las cortes de Cádiz / _cIntroducción y selección documental Manuel Chust Calero. |
| 260 |
_aMadrid : _bFundación Mapfre ; _bDoce Calles, _c2010. |
||
| 300 |
_a205 p. : _bil., retr. ; _c21 cm. |
||
| 490 | 1 | _aPrisma histórico : viejos documentos, nuevas lecturas | |
| 590 | _aInventariado, 2019/BT | ||
| 700 | 1 |
_aChust Calero, Manuel, _d1962- _eintrod. _962051 |
|
| 830 | 0 |
_aPrisma histórico : viejos documentos, nuevas lecturas _959264 |
|
| 999 |
_c35504 _d35504 |
||